| 000 | 00396nam a22001217a 4500 | ||
|---|---|---|---|
| 082 | _a220 PRO | ||
| 100 |
_aMUNAIM,NUMAIR,DR SHOAB A KHAN _971411 |
||
| 245 | _aPR-SOF-1307-DATA ANALYSIS AND PREDICTIVE MODELING FOR RECRUITMENT BI THROUGH SOCIAL NETWORK USING IRS | ||
| 260 |
_aISLAMABAD _bNUST COLLEGE OF EME _c2001 |
||
| 650 |
_aDE-COMP-31 _971412 |
||
| 700 |
_aDR SAAD REHMAN _916115 |
||
| 942 | _cCR | ||
| 999 |
_c577943 _d577943 |
||